Heaven Is A Place On Earth - Belinda Carlisle - All Lyrics - Statistics

General Stats
  • This quiz has been taken 28 times
  • The average score is 278 of 318
Answer Stats
Answer % Correct
a
100%
do
100%
Earth
100%
Heaven
100%
Heaven,
100%
(Heaven)
100%
I
100%
is
100%
know
100%
love
100%
on
100%
Ooh,
100%
place
100%
the
100%
you
100%
You
100%
baby,
95%
Baby,
95%
come
95%
comes
95%
first
95%
in
95%
In
95%
that's
95%
what
95%
They
90%
we
90%
When
90%
make
86%
of
86%
say
86%
to
86%
worth?
86%
and
81%
And
81%
for
81%
I'm
81%
was
81%
We'll
81%
around
76%
me
76%
night
76%
hear
71%
it
71%
not
71%
we're
71%
down
67%
falls
67%
into
67%
just
67%
world,
67%
your
67%
afraid
62%
anymore
62%
at
62%
before,
62%
but
62%
sea
62%
this
62%
livin'
57%
move
57%
start
57%
wait
57%
With
57%
with
57%
miracle
52%
understand
52%
up
52%
walk
52%
beginnin'
48%
close
48%
feel
48%
lost
48%
room
48%
above
43%
outside
43%
pull
43%
reach
43%
sound
43%
stars
43%
street
43%
voice
43%
wave
43%
world's
43%
alive
38%
alone
33%
bring
33%
carries
33%
home
33%
kids
33%
lift
33%
spinnin'
33%
No matching quizzes found
Score Distribution
Percent of People with Each Score
Percentile by Number Answered
Your Score History
You have not taken this quiz